Intelligent systems : (Record no. 1877)

MARC details
000 -LEADER
fixed length control field 01533cam a22003494a 4500
001 - CONTROL NUMBER
control field 3103088
003 - CONTROL NUMBER IDENTIFIER
control field OSt
005 - DATE AND TIME OF LATEST TRANSACTION
control field 20150526161810.0
008 - FIXED-LENGTH DATA ELEMENTS--GENERAL INFORMATION
fixed length control field 990412s2002 nyua b 001 0 eng
010 ## - LIBRARY OF CONGRESS CONTROL NUMBER
LC control number 99023427
020 ## - INTERNATIONAL STANDARD BOOK NUMBER
International Standard Book Number 0471193747 (cloth)
040 ## - CATALOGING SOURCE
Original cataloging agency DLC
Transcribing agency DLC
Modifying agency DLC
042 ## - AUTHENTICATION CODE
Authentication code pcc
050 00 - LIBRARY OF CONGRESS CALL NUMBER
Classification number TJ217.5
Item number .A43 2002
082 00 - DEWEY DECIMAL CLASSIFICATION NUMBER
Classification number 629.8 MEY 2002
Edition number 21
100 1# - MAIN ENTRY--PERSONAL NAME
Personal name Meystel, A.
Fuller form of name (Alex)
9 (RLIN) 4920
245 10 - TITLE STATEMENT
Title Intelligent systems :
Remainder of title architecture, design, and control /
Statement of responsibility, etc. Alexander M. Meystel, James S. Albus.
260 ## - PUBLICATION, DISTRIBUTION, ETC. (IMPRINT)
Place of publication, distribution, etc. New York :
Name of publisher, distributor, etc. Wiley,
Date of publication, distribution, etc. c2002.
300 ## - PHYSICAL DESCRIPTION
Extent xxi, 696 p. :
Other physical details ill. ;
Dimensions 26 cm.
440 #0 - SERIES STATEMENT/ADDED ENTRY--TITLE
Title Wiley series on intelligent systems
9 (RLIN) 4921
500 ## - GENERAL NOTE
General note "A Wiley-Interscience Publication."
504 ## - BIBLIOGRAPHY, ETC. NOTE
Bibliography, etc Includes bibliographical references and indexes.
650 #0 - SUBJECT ADDED ENTRY--TOPICAL TERM
Topical term or geographic name as entry element Intelligent control systems.
9 (RLIN) 4922
700 1# - ADDED ENTRY--PERSONAL NAME
Personal name Albus, James Sacra.
9 (RLIN) 4923
856 42 - ELECTRONIC LOCATION AND ACCESS
Materials specified Contributor biographical information
Uniform Resource Identifier http://www.loc.gov/catdir/bios/wiley041/99023427.html
856 42 - ELECTRONIC LOCATION AND ACCESS
Materials specified Publisher description
Uniform Resource Identifier http://www.loc.gov/catdir/description/wiley032/99023427.html
856 41 - ELECTRONIC LOCATION AND ACCESS
Materials specified Table of contents
Uniform Resource Identifier http://www.loc.gov/catdir/toc/onix02/99023427.html
856 42 - ELECTRONIC LOCATION AND ACCESS
Materials specified Book review (E-STREAMS)
Uniform Resource Identifier http://www.e-streams.com/es0603/es0603_2351.html
906 ## - LOCAL DATA ELEMENT F, LDF (RLIN)
a 7
b cbc
c orignew
d 1
e ocip
f 19
g y-gencatlg
942 ## - ADDED ENTRY ELEMENTS (KOHA)
Source of classification or shelving scheme Other/Generic Classification Scheme
Koha item type Short Loan
Holdings
Withdrawn status Lost status Source of classification or shelving scheme Damaged status Not for loan Home library Current library Date acquired Source of acquisition Inventory number Total Checkouts Full call number Barcode Date last seen Price effective from Koha item type
    Other/Generic Classification Scheme     MUST Main Library MUST Main Library 26/05/2015   2003/18272   629.8 MEY 2002 2015-1596 26/05/2015 26/05/2015 Short Loan